[Event "CAN-op U1200"]
[Site "Windsor CAN"]
[Date "2016.07.15"]
[Round "6.56"]
[White "Zhang, Wendy"]
[Black "Gaisinsky, Jacob"]
[Result "1/2-1/2"]
[WhiteElo "800"]
[BlackElo "1019"]
[PlyCount "36"]
[EventDate "2016.07.10"]
[EventType "swiss"]
[EventRounds "9"]
[EventCountry "CAN"]

1. e4 e5 2. Nf3 Nc6 3. Bc4 Nf6 4. d3 d6 5. O-O Be7 6. h3 O-O 7. Nc3 Re8 8. Bg5
Nh5 9. Be3 Bf8 10. Ng5 Nf4 11. Bxf7+ Kh8 12. Bxe8 Qxe8 13. Bxf4 exf4 14. Nf3
Qg6 15. Nh4 Qg5 16. Nf3 Qg6 17. Nh4 Qg5 18. Nf3 Qg6 1/2-1/2

[Event "CAN-op U1200"]
[Site "Windsor CAN"]
[Date "2016.07.15"]
[Round "6.57"]
[White "Locham, Divjot"]
[Black "Zhang, William"]
[Result "1/2-1/2"]
[WhiteElo "801"]
[BlackElo "451"]
[PlyCount "98"]
[EventDate "2016.07.10"]
[EventType "swiss"]
[EventRounds "9"]
[EventCountry "CAN"]

1. e4 e5 2. Nf3 Nf6 3. Nc3 Bc5 4. Nxe5 d6 5. d4 dxe5 6. dxc5 Qxd1+ 7. Nxd1 Nxe4
8. Bd3 Nxc5 9. O-O Nxd3 10. cxd3 O-O 11. Re1 Bg4 12. f3 Bf5 13. Nf2 Re8 14. d4
Nc6 15. dxe5 Nxe5 16. Bf4 Nxf3+ 17. gxf3 Rxe1+ 18. Rxe1 Rc8 19. Bxc7 Be6 20.
Bg3 Bxa2 21. Ne4 Bd5 22. Nd6 Rd8 23. Re8+ Rxe8 24. Nxe8 Bxf3 25. Bd6 b5 26. Kf2
Bd1 27. Ke1 Bb3 28. Kd2 a5 29. Nc7 b4 30. Kd3 f5 31. Ke3 g5 32. Ne6 Bxe6 33.
Kf3 f4 34. Bc5 b3 35. Ke4 a4 36. Kf3 a3 37. Bxa3 h6 38. Bd6 Bd5+ 39. Kf2 f3 40.
Bg3 g4 41. Be5 h5 42. Bf4 Bc6 43. Be5 Kf7 44. Bg3 Ke6 45. Ke3 Kf5 46. Kd3 Bd5
47. Kc3 Kg5 48. Kd4 h4 49. Bf2 Bf7 1/2-1/2

[Event "CAN-op U1200"]
[Site "Windsor CAN"]
[Date "2016.07.15"]
[Round "6.58"]
[White "Marcelloni, Jacob"]
[Black "Periappuram, Jacob"]
[Result "1/2-1/2"]
[WhiteElo "786"]
[BlackElo "635"]
[PlyCount "35"]
[EventDate "2016.07.10"]
[EventType "swiss"]
[EventRounds "9"]
[EventCountry "CAN"]

1. d4 d5 2. c4 Nf6 3. cxd5 Qxd5 4. Nc3 Qa5 5. Nf3 h6 6. Bf4 Na6 7. e3 c6 8. Be2
Bf5 9. O-O e6 10. Qb3 Qb4 11. Qxb4 Nxb4 12. Rad1 Be7 13. a3 Nbd5 14. Bd3 Bxd3
15. Rxd3 Nxf4 16. exf4 Bd6 17. Ne5 O-O 18. Re1 1/2-1/2

[Event "CAN-op U1200"]
[Site "Windsor CAN"]
[Date "2016.07.15"]
[Round "6.60"]
[White "Periappuram, Moira"]
[Black "Wei, Harry"]
[Result "1/2-1/2"]
[WhiteElo "746"]
[BlackElo "613"]
[PlyCount "74"]
[EventDate "2016.07.10"]
[EventType "swiss"]
[EventRounds "9"]
[EventCountry "CAN"]

1. e4 e5 2. Nf3 Nc6 3. Be2 Nf6 4. Nc3 Bc5 5. O-O O-O 6. d3 h6 7. Be3 Bxe3 8.
fxe3 d6 9. d4 Bg4 10. h3 Bxf3 11. Rxf3 a5 12. Bc4 Rb8 13. a4 Nb4 14. Bb3 c5 15.
Qe1 c4 16. Qh4 cxb3 17. cxb3 d5 18. Rg3 exd4 19. Qxh6 g6 20. exd4 Nh7 21. Rg4
dxe4 22. Rh4 Qxd4+ 23. Kh1 Qg7 24. Qd2 Rbd8 25. Qe3 Nc2 26. Qc1 Nxa1 27. Qxa1
Qf6 28. Rxe4 Rd4 29. Re2 Qc6 30. Qf1 Qf6 31. Qe1 Rf4 32. Kg1 Qh4 33. Qd2 Qh6
34. Nd5 Rd8 35. Ne7+ Kg7 36. Qxd8 Nf6 37. Qxa5 Qh5 1/2-1/2

[Event "CAN-op U1200"]
[Site "Windsor CAN"]
[Date "2016.07.17"]
[Round "6.61"]
[White "Boulanger, Brayden"]
[Black "Kapoor, Arjun"]
[Result "1-0"]
[WhiteElo "568"]
[BlackElo "689"]
[PlyCount "49"]
[EventDate "2016.07.10"]
[EventType "swiss"]
[EventRounds "9"]
[EventCountry "CAN"]

1. e4 e5 2. Nf3 d6 3. Bc4 Nc6 4. d3 Bg4 5. h3 Bxf3 6. Qxf3 Nge7 7. Nc3 Qd7 8.
Qxf7+ Kd8 9. Qf3 g6 10. Qf6 Rg8 11. Bxg8 Nd4 12. O-O Nxc2 13. Rb1 c6 14. Qxf8+
Qe8 15. Qxe8+ Kxe8 16. Bxh7 d5 17. Na4 dxe4 18. dxe4 Nb4 19. Nc5 Rb8 20. Bg5
Nxa2 21. Ra1 b6 22. Nd3 Rd8 23. Rfd1 Nb4 24. Nxb4 Rxd1+ 25. Rxd1 1-0

[Event "CAN-op U1200"]
[Site "Windsor CAN"]
[Date "2016.07.16"]
[Round "7.52"]
[White "Arora, Sat"]
[Black "Cui, Kevin"]
[Result "0-1"]
[WhiteElo "820"]
[BlackElo "1203"]
[PlyCount "88"]
[EventDate "2016.07.10"]
[EventType "swiss"]
[EventRounds "9"]
[EventCountry "CAN"]

1. d4 d5 2. Nf3 Nc6 3. Bf4 Bf5 4. e3 a6 5. h3 e6 6. a3 Bd6 7. c4 Bxf4 8. exf4
Nge7 9. Nc3 Qd6 10. Qd2 Ng6 11. Ne5 dxc4 12. Nxg6 Bxg6 13. d5 O-O-O 14. Bxc4
exd5 15. Bxd5 Rhe8+ 16. Kf1 Ne7 17. Rd1 c6 18. Bxf7 Qxd2 19. Rxd2 Rxd2 20. Bxe8
Bxe8 21. g3 c5 22. Ne4 Rxb2 23. Nxc5 Rb1+ 24. Kg2 Bc6+ 25. f3 Bxf3+ 26. Kxf3
Rxh1 27. Kg4 Rc1 28. Ne6 Ra1 29. Nxg7 Rxa3 30. f5 Ng8 31. Kg5 Rxg3+ 32. Kh5
Rxg7 33. h4 Rf7 34. Kg5 b5 35. h5 b4 36. h6 b3 37. f6 b2 38. Kg4 Rxf6 39. Kg3
b1=Q 40. Kg2 Qf1+ 41. Kg3 Qf3+ 42. Kh2 Rxh6+ 43. Kg1 Rg6+ 44. Kh2 Qh5# 0-1

[Event "CAN-op U1200"]
[Site "Windsor CAN"]
[Date "2016.07.16"]
[Round "7.53"]
[White "Ye, Sarah"]
[Black "John, Namitha"]
[Result "0-1"]
[WhiteElo "869"]
[BlackElo "1053"]
[PlyCount "50"]
[EventDate "2016.07.10"]
[EventType "swiss"]
[EventRounds "9"]
[EventCountry "CAN"]

1. e4 e5 2. Nf3 Nc6 3. Bc4 Bc5 4. d3 h6 5. O-O Nf6 6. Be3 Bb6 7. Nc3 d6 8. h3
Be6 9. Bb3 Qd7 10. Qd2 O-O-O 11. Bxb6 axb6 12. Ba4 g5 13. Nb5 Kb8 14. Bb3 g4
15. Bxe6 Qxe6 16. hxg4 Qxg4 17. Ne1 Rhg8 18. Qc3 Qh3 19. Qd2 Rxg2+ 20. Nxg2 Ng4
21. Rfd1 Qh2+ 22. Kf1 Qh1+ 23. Ke2 Qxg2 24. Ke1 Qg1+ 25. Ke2 Qxf2# 0-1

[Event "CAN-op U1200"]
[Site "Windsor CAN"]
[Date "2016.07.16"]
[Round "7.54"]
[White "Gaisinsky, Jacob"]
[Black "Joseph Benher, Savio"]
[Result "1/2-1/2"]
[WhiteElo "1019"]
[BlackElo "871"]
[PlyCount "60"]
[EventDate "2016.07.10"]
[EventType "swiss"]
[EventRounds "9"]
[EventCountry "CAN"]

1. e4 e5 2. Nf3 Nc6 3. Bc4 Bc5 4. c3 Nf6 5. d4 exd4 6. cxd4 Bb4+ 7. Nc3 Nxe4 8.
O-O Bxc3 9. d5 Bf6 10. Re1 Ne7 11. Rxe4 d6 12. Bg5 Bxg5 13. Nxg5 h6 14. Qe2
hxg5 15. Re1 Be6 16. dxe6 f6 17. Bb5+ c6 18. Ba4 Ng6 19. Rd4 Ne5 20. Red1 d5
21. Rxd5 Qc7 22. Rd6 Ke7 23. Rd7+ Nxd7 24. Rxd7+ Qxd7 25. exd7+ Kxd7 26. h3
Rhe8 27. Qh5 b5 28. Bb3 Re7 29. Qg4+ Kc7 30. Qf5 Rae8 1/2-1/2

[Event "CAN-op U1200"]
[Site "Windsor CAN"]
[Date "2016.07.16"]
[Round "7.55"]
[White "Ahmed, Bilal"]
[Black "Xing, Kun"]
[Result "1/2-1/2"]
[WhiteElo "828"]
[BlackElo "964"]
[PlyCount "34"]
[EventDate "2016.07.10"]
[EventType "swiss"]
[EventRounds "9"]
[EventCountry "CAN"]

1. e4 e5 2. Nf3 Nc6 3. Bc4 Bc5 4. Nc3 Nf6 5. Ng5 O-O 6. d3 h6 7. Nf3 d6 8. O-O
Be6 9. Bb3 Nd4 10. Nxd4 Bxd4 11. Be3 Bb6 12. h3 c6 13. Qe2 Qc7 14. Rad1 Rad8
15. Ra1 Ba5 16. Bd2 Rfe8 17. Rad1 Qd7 1/2-1/2

[Event "CAN-op U1200"]
[Site "Windsor CAN"]
[Date "2016.07.16"]
[Round "7.56"]
[White "Zhang, William"]
[Black "Zhang, Wendy"]
[Result "0-1"]
[WhiteElo "461"]
[BlackElo "800"]
[PlyCount "58"]
[EventDate "2016.07.10"]
[EventType "swiss"]
[EventRounds "9"]
[EventCountry "CAN"]

1. e4 e5 2. Nf3 Nc6 3. Bc4 Nf6 4. Ng5 d5 5. exd5 Na5 6. Bb5+ Bd7 7. Nxf7 Kxf7
8. Bxd7 Qxd7 9. O-O Nxd5 10. Nc3 Nf4 11. d3 Bd6 12. Bxf4 exf4 13. Qf3 c6 14.
Ne4 Rhf8 15. Nxd6+ Qxd6 16. Rfe1 Kg8 17. Qh3 c5 18. Re6 Qd4 19. Rae1 Qxb2 20.
Qh5 h6 21. Re8 Raxe8 22. Kf1 Rxe1+ 23. Kxe1 Qc1+ 24. Ke2 Qxc2+ 25. Ke1 Qxd3 26.
Qxc5 Re8+ 27. Qe3 fxe3 28. fxe3 Qxe3+ 29. Kf1 Qe1# 0-1

[Event "CAN-op U1200"]
[Site "Windsor CAN"]
[Date "2016.07.16"]
[Round "7.57"]
[White "Koltai, Anna"]
[Black "Sivapathasundaram, Nithusa"]
[Result "1-0"]
[WhiteElo "1178"]
[BlackElo "638"]
[PlyCount "43"]
[EventDate "2016.07.10"]
[EventType "swiss"]
[EventRounds "9"]
[EventCountry "CAN"]

1. d4 d5 2. Nf3 Nf6 3. Bf4 Nc6 4. e3 Bf5 5. Bd3 e6 6. Bxf5 exf5 7. h3 Bb4+ 8.
c3 Bd6 9. Qe2 Bxf4 10. exf4+ Qe7 11. Ne5 Nxe5 12. fxe5 Ne4 13. Qb5+ Qd7 14.
Qxb7 O-O 15. O-O f6 16. exf6 Nd6 17. Qxd5+ Rf7 18. Qxa8+ Nc8 19. Re1 Rxf6 20.
d5 f4 21. Nd2 Kf7 22. Qb7 1-0

[Event "CAN-op U1200"]
[Site "Windsor CAN"]
[Date "2016.07.16"]
[Round "7.58"]
[White "Periappuram, Jacob"]
[Black "Locham, Divjot"]
[Result "1-0"]
[WhiteElo "635"]
[BlackElo "801"]
[PlyCount "47"]
[EventDate "2016.07.10"]
[EventType "swiss"]
[EventRounds "9"]
[EventCountry "CAN"]

1. e4 e5 2. Nf3 Nc6 3. Bc4 Be7 4. O-O Nf6 5. Nc3 Nxe4 6. Nxe4 d5 7. Bb5 dxe4 8.
Nxe5 Bd7 9. Nxd7 Qxd7 10. d3 exd3 11. cxd3 O-O 12. Be3 a6 13. Ba4 b5 14. Bb3
Rad8 15. Qf3 Ne5 16. Qb7 Ra8 17. d4 Rfb8 18. Qe4 Nc6 19. Rac1 Rb6 20. d5 f5 21.
dxc6+ Kh8 22. cxd7 fxe4 23. Rxc7 Rbb8 24. Bd5 1-0

[Event "CAN-op U1200"]
[Site "Windsor CAN"]
[Date "2016.07.16"]
[Round "7.59"]
[White "Periappuram, Moira"]
[Black "Marcelloni, Jacob"]
[Result "1/2-1/2"]
[WhiteElo "746"]
[BlackElo "786"]
[PlyCount "149"]
[EventDate "2016.07.10"]
[EventType "swiss"]
[EventRounds "9"]
[EventCountry "CAN"]

1. e4 c5 2. Nf3 Nc6 3. Be2 d6 4. h3 Nf6 5. Nc3 g6 6. O-O Bg7 7. d3 O-O 8. Bg5
d5 9. e5 Ne8 10. Bf4 d4 11. Ne4 Bf5 12. Nxc5 b6 13. Nb3 Nc7 14. Qd2 f6 15. Bh6
fxe5 16. Bxg7 Kxg7 17. Nh4 Qd7 18. Qg5 Ne6 19. Nxf5+ Rxf5 20. Qg3 Nf4 21. Bg4
Qd5 22. Rae1 Rf6 23. Bf3 Qd6 24. Re4 Nb4 25. Ree1 Nxc2 26. Bxa8 Nxe1 27. Rxe1
Rf8 28. Qf3 Qb8 29. Bd5 e6 30. Be4 Nh5 31. Qg4 Qc7 32. Qxe6 Qc2 33. Qe7+ Rf7
34. Qxe5+ Kf8 35. Qb8+ Kg7 36. Qe5+ Kh6 37. Qxd4 Rf4 38. g3 Rf6 39. Qe3+ g5 40.
h4 Nf4 41. hxg5+ Kxg5 42. gxf4+ Rxf4 43. Qg3+ Rg4 44. Bf3 Rxg3+ 45. fxg3 Qxd3
46. Re5+ Kf6 47. Rh5 Kg6 48. Kf2 Qc2+ 49. Ke3 Qxb2 50. Nd4 Qxa2 51. Rf5 a5 52.
Bh5+ Kg7 53. Kf4 Qd2+ 54. Ke4 a4 55. Ne6+ Kh6 56. g4 Qe2+ 57. Kd5 Qa2+ 58. Ke5
Qb2+ 59. Kd6 Qb4+ 60. Kd7 Qb5+ 61. Ke7 Qxf5 62. gxf5 Kxh5 63. f6 a3 64. f7 a2
65. Nf4+ Kg4 66. f8=Q a1=Q 67. Qc8+ Kxf4 68. Qf8+ Ke3 69. Qh6+ Kd3 70. Qxh7+
Kd4 71. Qh3 Qe1+ 72. Kd6 Qb4+ 73. Kc6 Qc5+ 74. Kb7 Qd5+ 75. Kxb6 1/2-1/2

[Event "CAN-op U1200"]
[Site "Windsor CAN"]
[Date "2016.07.16"]
[Round "7.60"]
[White "Wei, Harry"]
[Black "Boulanger, Brayden"]
[Result "1-0"]
[WhiteElo "613"]
[BlackElo "568"]
[PlyCount "57"]
[EventDate "2016.07.10"]
[EventType "swiss"]
[EventRounds "9"]
[EventCountry "CAN"]

1. e4 e5 2. Nf3 Nc6 3. Bc4 Bc5 4. O-O d6 5. h3 Nf6 6. Nc3 O-O 7. d3 Ne7 8. Bg5
Ng6 9. d4 Bxd4 10. Nxd4 exd4 11. Qxd4 c5 12. Qd1 h6 13. Bh4 Nxh4 14. Nd5 Nh5
15. Qxh5 Kh7 16. Bd3 g6 17. Qd1 Bd7 18. b4 Qc8 19. bxc5 Bxh3 20. gxh3 Qxh3 21.
Nf4 Qc8 22. cxd6 g5 23. Qd2 Qg4+ 24. Kh1 gxf4 25. f3 Rg8 26. fxg4 f3 27. Rg1
Rad8 28. e5+ Kh8 29. Qxh6# 1-0

[Event "CAN-op U1200"]
[Site "Windsor CAN"]
[Date "2016.07.16"]
[Round "8.52"]
[White "Cui, Kevin"]
[Black "Koltai, Anna"]
[Result "0-1"]
[WhiteElo "1203"]
[BlackElo "1178"]
[PlyCount "86"]
[EventDate "2016.07.10"]
[EventType "swiss"]
[EventRounds "9"]
[EventCountry "CAN"]

1. e4 d5 2. exd5 Qxd5 3. Nc3 Qa5 4. Nf3 Nf6 5. Bc4 Bf5 6. O-O e6 7. d3 Bd6 8.
Bd2 c6 9. Ne4 Qd8 10. Nxd6+ Qxd6 11. Nh4 Ng4 12. g3 O-O 13. Nxf5 exf5 14. Bc3
Qh6 15. h4 Qg6 16. Qd2 h6 17. Rae1 Nd7 18. Re7 Nc5 19. Bb4 b5 20. Bxc5 bxc4 21.
dxc4 Rfd8 22. Qe2 f4 23. Rxa7 fxg3 24. fxg3 Qh5 25. Rf4 Qxc5+ 26. Kf1 Rxa7 27.
Qxg4 Rad7 28. Rf2 Rd1+ 29. Kg2 R1d2 30. Re2 Qb4 31. Kf1 Rd1+ 32. Kf2 Qc5+ 33.
Kf3 Rf1+ 34. Kg2 Qg1+ 35. Kh3 Qh1+ 36. Rh2 Qg1 37. Qe4 Qa7 38. Qxc6 Rf2 39.
Rxf2 Qxf2 40. Qa4 Qf5+ 41. Kg2 Rd2+ 42. Kg1 Qf2+ 43. Kh1 Qg2# 0-1

[Event "CAN-op U1200"]
[Site "Windsor CAN"]
[Date "2016.07.16"]
[Round "8.53"]
[White "John, Namitha"]
[Black "Arora, Sat"]
[Result "1-0"]
[WhiteElo "1053"]
[BlackElo "820"]
[PlyCount "65"]
[EventDate "2016.07.10"]
[EventType "swiss"]
[EventRounds "9"]
[EventCountry "CAN"]

1. e4 e5 2. Nf3 Nc6 3. Bc4 Bc5 4. d3 h6 5. Be3 Bxe3 6. fxe3 d6 7. h3 Qf6 8. Rf1
Qg6 9. Qe2 Nf6 10. Nc3 Nh5 11. Bxf7+ Qxf7 12. Nxe5 Qxf1+ 13. Qxf1 dxe5 14.
O-O-O Be6 15. Qf3 Nf6 16. d4 exd4 17. exd4 Bf7 18. d5 Nb4 19. Rf1 O-O 20. Qg3
c6 21. Rxf6 Kh7 22. Rd6 cxd5 23. exd5 a6 24. a3 Nxd5 25. Nxd5 Rad8 26. Qd3+ Kg8
27. Ne7+ Kh8 28. Rxd8 Be8 29. Ng6+ Bxg6 30. Rxf8+ Kh7 31. Qd8 Be4 32. Qe8 h5
33. Rh8# 1-0

[Event "CAN-op U1200"]
[Site "Windsor CAN"]
[Date "2016.07.16"]
[Round "8.54"]
[White "Zhang, Wendy"]
[Black "Joseph Benher, Savio"]
[Result "0-1"]
[WhiteElo "800"]
[BlackElo "871"]
[PlyCount "128"]
[EventDate "2016.07.10"]
[EventType "swiss"]
[EventRounds "9"]
[EventCountry "CAN"]

1. e4 e5 2. Nf3 Nc6 3. Bc4 Bc5 4. O-O Nf6 5. d3 O-O 6. Be3 Be7 7. Nc3 d6 8. h3
Be6 9. Bb3 d5 10. Ng5 Qd7 11. Nf3 d4 12. Ne2 dxe3 13. fxe3 Bxb3 14. axb3 Bc5
15. Qd2 Rfd8 16. Ng3 h6 17. Rad1 a6 18. c3 Qe7 19. Qf2 Ba7 20. Nf5 Qe6 21. Qg3
Nh5 22. Qg4 Qg6 23. Qxg6 fxg6 24. N5h4 Bxe3+ 25. Kh2 Ne7 26. Nxe5 Bf4+ 27. Kg1
Bxe5 28. d4 Bf6 29. Nf3 Bg5 30. Nxg5 hxg5 31. e5 Nf5 32. Rfe1 c6 33. e6 Re8 34.
c4 Rad8 35. d5 cxd5 36. cxd5 Nf4 37. d6 Rxd6 38. Rxd6 Nxd6 39. e7 Nf5 40. Kh2
Rxe7 41. Rxe7 Nxe7 42. Kg3 Nd3 43. Kg4 Nxb2 44. Kxg5 Nd3 45. Kg4 b5 46. Kf3 a5
47. Ke2 Nf4+ 48. Kd2 Nxg2 49. Kc3 Nf4 50. b4 axb4+ 51. Kxb4 Nxh3 52. Kxb5 g5
53. Kc4 g4 54. Kd3 g3 55. Ke2 g2 56. Kf3 g1=Q 57. Ke4 Kf7 58. Ke5 Qe1+ 59. Kd6
Qe6+ 60. Kc7 Nd5+ 61. Kb8 Ke7 62. Kb7 Kd8 63. Kb8 Qb6+ 64. Ka8 Nc7# 0-1

[Event "CAN-op U1200"]
[Site "Windsor CAN"]
[Date "2016.07.16"]
[Round "8.55"]
[White "Ahmed, Bilal"]
[Black "Gaisinsky, Jacob"]
[Result "0-1"]
[WhiteElo "826"]
[BlackElo "1019"]
[PlyCount "44"]
[EventDate "2016.07.10"]
[EventType "swiss"]
[EventRounds "9"]
[EventCountry "CAN"]

1. e4 e5 2. Nf3 Nc6 3. Bc4 Nf6 4. Nc3 Nxe4 5. d3 Nxc3 6. bxc3 d5 7. Bb3 Bg4 8.
O-O e4 9. dxe4 dxe4 10. Qe2 Qe7 11. Bg5 exf3 12. Qxe7+ Bxe7 13. gxf3 Bxf3 14.
Bf4 O-O-O 15. Be3 f5 16. Bf4 g5 17. Be3 f4 18. Bc1 Bf6 19. Rb1 Bxc3 20. Bb2
Bxb2 21. Rxb2 h5 22. Re1 g4 0-1

[Event "CAN-op U1200"]
[Site "Windsor CAN"]
[Date "2016.07.16"]
[Round "8.56"]
[White "Xing, Kun"]
[Black "Ye, Sarah"]
[Result "1/2-1/2"]
[WhiteElo "964"]
[BlackElo "869"]
[PlyCount "64"]
[EventDate "2016.07.10"]
[EventType "swiss"]
[EventRounds "9"]
[EventCountry "CAN"]

1. e4 e5 2. Nf3 Nc6 3. Bc4 Bc5 4. d3 h6 5. Be3 Bb6 6. Nc3 Nf6 7. Nd5 Nxd5 8.
Bxd5 d6 9. c3 Bg4 10. h3 Bh5 11. O-O O-O 12. Qe2 Rb8 13. Rfe1 Ne7 14. Bb3 Ng6
15. g3 Qf6 16. g4 Nf4 17. Bxf4 Qxf4 18. gxh5 Qg3+ 19. Kh1 Qxh3+ 20. Nh2 Qh4 21.
Rf1 c6 22. Rad1 Bd8 23. Qg4 Qf6 24. Rg1 Qg5 25. Rd2 Bf6 26. Rgd1 Qh4 27. Qxh4
Bxh4 28. Ng4 Kh8 29. d4 exd4 30. cxd4 Rbe8 31. f3 a5 32. Ne3 Bf2 1/2-1/2

[Event "CAN-op U1200"]
[Site "Windsor CAN"]
[Date "2016.07.16"]
[Round "8.57"]
[White "Wei, Harry"]
[Black "Periappuram, Jacob"]
[Result "0-1"]
[WhiteElo "613"]
[BlackElo "635"]
[PlyCount "84"]
[EventDate "2016.07.10"]
[EventType "swiss"]
[EventRounds "9"]
[EventCountry "CAN"]

1. e4 e5 2. Nf3 Nc6 3. Bc4 Bc5 4. O-O Nf6 5. Nc3 O-O 6. d3 h6 7. Nd5 d6 8. h3
Be6 9. Nxf6+ Qxf6 10. Bxe6 fxe6 11. c3 d5 12. Be3 Bb6 13. c4 Rad8 14. cxd5 exd5
15. Qe2 dxe4 16. dxe4 Qg6 17. Bxb6 axb6 18. Rad1 Nd4 19. Nxd4 exd4 20. Rd3 Rfe8
21. Rg3 Qxe4 22. Qc4+ Qd5 23. Qxc7 Qf7 24. Qxb6 d3 25. Rd1 d2 26. Re3 Rd3 27.
a4 Qh5 28. g4 Rexe3 29. fxe3 Qxh3 30. Qe6+ Kh8 31. Qe8+ Kh7 32. Qe4+ Kh8 33.
Qxd3 Qxg4+ 34. Kf2 Qxd1 35. Qe2 Qc2 36. Kf3 d1=Q 37. Qxd1 Qxd1+ 38. Ke4 h5 39.
Kf5 h4 40. e4 h3 41. e5 h2 42. e6 h1=Q 0-1

[Event "CAN-op U1200"]
[Site "Windsor CAN"]
[Date "2016.07.16"]
[Round "8.61"]
[White "Sivapathasundaram, Nithusa"]
[Black "Periappuram, Moira"]
[Result "0-1"]
[WhiteElo "638"]
[BlackElo "746"]
[PlyCount "96"]
[EventDate "2016.07.10"]
[EventType "swiss"]
[EventRounds "9"]
[EventCountry "CAN"]

1. e4 e5 2. Nf3 Nc6 3. Bc4 Bc5 4. O-O Nf6 5. d3 h6 6. Bd2 O-O 7. Nc3 a6 8. Be3
Ba7 9. Bxa7 Rxa7 10. d4 d6 11. dxe5 Nxe5 12. Nxe5 dxe5 13. Qxd8 Rxd8 14. Rad1
Re8 15. b3 Bg4 16. Rd2 b5 17. Be2 Re6 18. Bxg4 Nxg4 19. Rd8+ Kh7 20. f3 Ne3 21.
Rc1 c5 22. Nd1 Nxd1 23. Rcxd1 c4 24. bxc4 bxc4 25. R1d7 Rxd7 26. Rxd7 Kg6 27.
c3 Rb6 28. Rc7 Rb1+ 29. Kf2 Rb2+ 30. Kg3 Rxa2 31. Rxc4 a5 32. Rc6+ f6 33. f4
exf4+ 34. Kxf4 Rf2+ 35. Kg3 Re2 36. Ra6 Rxe4 37. Rxa5 Rc4 38. Ra3 Kg5 39. Ra5+
f5 40. Ra7 Rxc3+ 41. Kf2 g6 42. g3 f4 43. gxf4+ Kxf4 44. Rh7 Rc2+ 45. Kg1 h5
46. Re7 Kf3 47. Re5 Rc1+ 48. Re1 Rxe1# 0-1

[Event "CAN-op U1200"]
[Site "Windsor CAN"]
[Date "2016.07.16"]
[Round "8.62"]
[White "Wang, Jenna"]
[Black "Boulanger, Brayden"]
[Result "1-0"]
[WhiteElo "741"]
[BlackElo "568"]
[PlyCount "79"]
[EventDate "2016.07.10"]
[EventType "swiss"]
[EventRounds "9"]
[EventCountry "CAN"]

1. d4 Nf6 2. Nf3 g6 3. Nc3 d5 4. Bf4 Bg7 5. Nb5 Na6 6. e3 c6 7. Nc3 Bd7 8. Bd3
Nb4 9. O-O Qc8 10. Re1 Bf5 11. a3 Nxd3 12. cxd3 Bg4 13. e4 Nh5 14. Bd2 Bxd4 15.
h3 Bxc3 16. Bxc3 O-O 17. hxg4 Qxg4 18. b4 Nf4 19. g3 Ne6 20. Bb2 b6 21. exd5
cxd5 22. Nh2 Qxd1 23. Rexd1 Rac8 24. Ng4 Ng7 25. Nh6+ Kh8 26. Re1 Rce8 27. Re3
e6 28. Rf3 f5 29. Kg2 Rc8 30. Rh1 Rc2 31. Bd4 Ra2 32. Rh4 Rxa3 33. g4 Ra4 34.
gxf5 gxf5 35. Rhf4 Rxb4 36. Nxf5 Rf6 37. Nh6 Rxd4 38. Nf7+ Kg8 39. Nh6+ Kh8 40.
Rxf6 1-0

[Event "CAN-op U1200"]
[Site "Windsor CAN"]
[Date "2016.07.16"]
[Round "8.63"]
[White "Kapoor, Arjun"]
[Black "Periappuram, Anya"]
[Result "1-0"]
[WhiteElo "689"]
[BlackElo "344"]
[PlyCount "52"]
[EventDate "2016.07.10"]
[EventType "swiss"]
[EventRounds "9"]
[EventCountry "CAN"]

1. d4 d5 2. e3 Nf6 3. Nf3 Nc6 4. Bd3 e6 5. O-O Bd6 6. Nbd2 O-O 7. b3 Bd7 8. Bb2
Qe7 9. Ne5 Rad8 10. f4 Rfe8 11. Qe2 Qf8 12. c4 g6 13. cxd5 exd5 14. Bb5 Ne7 15.
Bxd7 Rxd7 16. Nxd7 Qg7 17. Nxf6+ Kf8 18. Nxe8 Kxe8 19. e4 c6 20. exd5 cxd5 21.
Rac1 Qg8 22. Rc8+ Kd7 23. Rxg8 Kc7 24. Rc1+ Kd7 25. Qg4+ Nf5 26. Nf3 Ke7 1-0

[Event "CAN-op U1200"]
[Site "Windsor CAN"]
[Date "2016.07.17"]
[Round "9.52"]
[White "Joseph Benher, Savio"]
[Black "John, Namitha"]
[Result "1-0"]
[WhiteElo "871"]
[BlackElo "1053"]
[PlyCount "103"]
[EventDate "2016.07.10"]
[EventType "swiss"]
[EventRounds "9"]
[EventCountry "CAN"]

1. e4 e5 2. Nf3 Nc6 3. Bc4 Bc5 4. O-O Nf6 5. Nc3 d6 6. Be2 h6 7. a3 a5 8. d3
Be6 9. Be3 Ba7 10. Bxa7 Rxa7 11. d4 Bd7 12. d5 Ne7 13. Nd2 c6 14. Nc4 O-O 15.
Ne3 cxd5 16. Ncxd5 Nxe4 17. Nxe7+ Qxe7 18. Bf3 Ng5 19. Bd5 Be6 20. Nc4 Rd8 21.
Qd2 a4 22. Bxe6 Qxe6 23. b3 Qg6 24. f3 Nh3+ 25. Kh1 Nf4 26. Nxe5 Qxg2+ 27. Qxg2
Nxg2 28. Kxg2 dxe5 29. f4 exf4 30. Rxf4 Rd2+ 31. Rf2 Rxf2+ 32. Kxf2 axb3 33.
cxb3 b5 34. a4 Kh7 35. Kf3 g5 36. h3 Kg6 37. Kg3 f5 38. Kf3 Kh5 39. Kg3 f4+ 40.
Kh2 Kh4 41. Kg2 bxa4 42. Rxa4 Re7 43. Ra2 Re3 44. Rb2 g4 45. hxg4 Kxg4 46. b4
f3+ 47. Kf2 h5 48. Kxe3 h4 49. Kf2 h3 50. Rb1 Kf4 51. b5 Ke5 52. b6 1-0

[Event "CAN-op U1200"]
[Site "Windsor CAN"]
[Date "2016.07.17"]
[Round "9.53"]
[White "Periappuram, Jacob"]
[Black "Cui, Kevin"]
[Result "0-1"]
[WhiteElo "635"]
[BlackElo "1203"]
[PlyCount "52"]
[EventDate "2016.07.10"]
[EventType "swiss"]
[EventRounds "9"]
[EventCountry "CAN"]

1. e4 c5 2. Bc4 d6 3. Nc3 Nf6 4. d3 g6 5. Nf3 Bg7 6. h3 O-O 7. O-O Bd7 8. Be3
Nc6 9. Qd2 Na5 10. Bh6 Nxc4 11. dxc4 Bc6 12. Bxg7 Kxg7 13. Rfe1 Qb6 14. Rab1
Qa6 15. b3 Rad8 16. Ra1 e6 17. Qe3 b6 18. e5 Ne8 19. Red1 d5 20. cxd5 exd5 21.
Qf4 Qc8 22. Re1 Qf5 23. Qh4 Nc7 24. g4 Qxf3 25. Ne2 d4 26. Qg3 Qh1# 0-1

[Event "CAN-op U1200"]
[Site "Windsor CAN"]
[Date "2016.07.17"]
[Round "9.54"]
[White "Koltai, Anna"]
[Black "Gaisinsky, Jacob"]
[Result "1/2-1/2"]
[WhiteElo "1178"]
[BlackElo "1019"]
[PlyCount "45"]
[EventDate "2016.07.10"]
[EventType "swiss"]
[EventRounds "9"]
[EventCountry "CAN"]

1. d4 Nf6 2. Nf3 e6 3. Bf4 Be7 4. e3 O-O 5. h3 b6 6. Bd3 Bb7 7. O-O d6 8. Nc3
c5 9. dxc5 bxc5 10. e4 Nbd7 11. Re1 e5 12. Bh2 Rc8 13. Bc4 Nb6 14. b3 Nxc4 15.
bxc4 Ba6 16. Qd3 Qa5 17. Rab1 Rb8 18. Nd2 Rxb1 19. Rxb1 Rd8 20. Nb3 Qb4 21. Nd2
Qa5 22. Nb3 Qb4 23. Nd2 1/2-1/2

[Event "CAN-op U1200"]
[Site "Windsor CAN"]
[Date "2016.07.17"]
[Round "9.55"]
[White "Periappuram, Moira"]
[Black "Xing, Kun"]
[Result "1-0"]
[WhiteElo "746"]
[BlackElo "964"]
[PlyCount "107"]
[EventDate "2016.07.10"]
[EventType "swiss"]
[EventRounds "9"]
[EventCountry "CAN"]

1. e4 e5 2. Nf3 Nc6 3. Bc4 Bc5 4. O-O d6 5. h3 Be6 6. Bb3 h6 7. d3 Nf6 8. Nc3
Nd4 9. Be3 O-O 10. Na4 Nxb3 11. axb3 Bb6 12. Nc3 c6 13. Na4 Qc7 14. c4 c5 15.
Nc3 a6 16. Nh2 Qd7 17. g4 g5 18. f3 Bd8 19. Nd5 Bxd5 20. exd5 Nh7 21. Ra4 Rb8
22. b4 cxb4 23. Rxb4 b6 24. d4 f6 25. c5 a5 26. Rb3 Bc7 27. c6 Qe8 28. dxe5
fxe5 29. Qd3 Qd8 30. Qg6+ Kh8 31. h4 Rf6 32. Qe4 Qg8 33. hxg5 hxg5 34. Rf2 Qg6
35. Qc4 Qg8 36. Nf1 Qd8 37. Nd2 Qf8 38. Qe4 Qh6 39. Rh2 Qg6 40. Qc4 Qe8 41. Ne4
Rf7 42. Nxg5 Re7 43. Qd3 Qg8 44. f4 exf4 45. Bd4+ Rg7 46. Bxg7+ Qxg7 47. Rxh7+
Kg8 48. Rxg7+ Kxg7 49. Qh7+ Kf6 50. Ne4+ Ke5 51. Qf5+ Kd4 52. Nd2 Kc5 53. Rc3+
Kb5 54. Qd3+ 1-0